| 000 | 00754nam a2200277 a 4500 | ||
|---|---|---|---|
| 001 | 74985 | ||
| 003 | BD-RjUL | ||
| 005 | 20211209082630.0 | ||
| 008 | 190106s1967 enka b 000 0 eng | ||
| 035 | _a(BD-RjUL) | ||
| 040 |
_aDLC _cDLC _dDLC _beng |
||
| 041 | _aeng | ||
| 082 | 0 | 0 |
_223 _a579.8 _bMOI 1967 |
| 100 | 1 |
_aMorris, I. _q(Ian) _9226606 |
|
| 245 | 1 | 3 |
_aAn introduction to the algae / _cI. Morris. |
| 260 |
_aLondon: _bHutchinson, _c1967. |
||
| 300 |
_a189 p. : _bill.; _c22 cm. |
||
| 350 |
_a32/6 _a(13/6 pbk.) |
||
| 490 | 0 | _aHutchinson university library: Biological sciences | |
| 504 | _aBibliography: p. 173-179 | ||
| 650 | 0 |
_aAlgae. _9226607 |
|
| 942 |
_2ddc _cBK |
||
| 999 |
_c74985 _d74985 |
||